书目信息 |
| 题名: |
城乡统筹与农村改革发展
|
|
| 作者: | 余佶 编 | |
| 分册: | ||
| 出版信息: | 北京 人民出版社 2011.1 |
|
| 页数: | 291页 | |
| 开本: | 24cm | |
| 丛书名: | 中浦院书系 | |
| 单 册: | ||
| 中图分类: | F299.2-53 , F320.2-53 | |
| 科图分类: | ||
| 主题词: | 城乡建设--中国--文集 , 农村经济--经济体制改革--中国--文集 , 城乡建设 , 农村经济 , 经济体制改革 | |
| 电子资源: | ||
| ISBN: | 978-7-01-009586-8 | |
| 000 | 01050oam2 2200313 45 | |
| 001 | 1356790031 | |
| 005 | 20130515092911.78 | |
| 010 | @a978-7-01-009586-8@dCNY38.00 | |
| 100 | @a20130108d2011 em y0chiy50 ea | |
| 101 | 0 | @achi |
| 102 | @aCN@b110000 | |
| 105 | @aa z 000yy | |
| 106 | @ar | |
| 200 | 1 | @a城乡统筹与农村改革发展@ACheng Xiang Tong Chou Yu Nong Cun Gai Ge Fa Zhan@f余佶编@FYu Ji Bian |
| 210 | @a北京@c人民出版社@d2011.1 | |
| 215 | @a291页@c图@d24cm | |
| 225 | 2 | @a中浦院书系@i大讲堂系列 |
| 330 | @a本书主要内容包括:农村改革发展的形势任务和总体思路;加快农村经济社会全面发展——中国农村改革30年回顾与展望;推进农村改革发展 加快形成城乡经济社会发展一体化新格局等。 | |
| 461 | 0 | @12001 @a中浦院书系 |
| 606 | 0 | @a城乡建设@y中国@j文集 |
| 606 | 0 | @a农村经济@x经济体制改革@y中国@j文集 |
| 606 | 0 | @a城乡建设 |
| 606 | 0 | @a农村经济 |
| 606 | 0 | @a经济体制改革 |
| 690 | @aF299.2-53@v5 | |
| 690 | @aF320.2-53@v5 | |
| 701 | 0 | @a余佶@AYu Ji@4编 |
| 801 | @aCN@bTANGWEI@c20130108 | |
| 905 | @b0829396-400@dF299.2-53@e952@f5 | |
| 城乡统筹与农村改革发展/余佶编.-北京:人民出版社,2011.1 |
| 291页:图;24cm.-(中浦院书系.大讲堂系列) |
| ISBN 978-7-01-009586-8:CNY38.00 |
| 本书主要内容包括:农村改革发展的形势任务和总体思路;加快农村经济社会全面发展——中国农村改革30年回顾与展望;推进农村改革发展 加快形成城乡经济社会发展一体化新格局等。 |
| ● |
| 相关链接 |
|
|
|
|
正题名:城乡统筹与农村改革发展
索取号:F299.2-53/952
 
预约/预借
| 序号 | 登录号 | 条形码 | 馆藏地/架位号 | 状态 | 备注 |
| 1 | 0829396 | 208293960 | 第一样本阅览室/ [索取号:F299.2-53/952] | 在馆 | |
| 2 | 0829397 | 208293979 | 第一借阅区/ [索取号:F299.2-53/952] | 在馆 | |
| 3 | 0829398 | 208293988 | 第一借阅区/ [索取号:F299.2-53/952] | 在馆 | |
| 4 | 0829399 | 208293997 | 第一借阅区/ [索取号:F299.2-53/952] | 在馆 | |
| 5 | 0829400 | 208294004 | 第一借阅区/ [索取号:F299.2-53/952] | 在馆 |